00745nam a2200193 i 4500001000700000003000900007005001700016008004100033020002200074080002100096100003500117245004600152260006100198300002100259490003900280830003900319852006600358852012700424179166ES-MaACL20231222063111.0110921s2010 sp |||| | spa d a978-84-96624-58-0 a821.134.2-14"19"1 aTorrego Díaz, Felisa,d1955-10aTemplo al aire / cFelisa Torrego Díaz. aValencia : bInstituto de Estudios Modernistas, c[2010] a83 p. ; c20 cm.1 aLa torre de papel. Poesía ; v910 aLa torre de papel. Poesía ; v91 aES-MaACLj2306-F-7 z. - Dedicatoria autógrafa de la autora aES-MaACLjA-11549z Dedicatoria autógrafa de la autoraxDonación: Felisa Torrego DíazbR.146797cDEPO1dOlim: N-4553